Komunikasi organisasi

Bibliographic Details
Main Author: Narimah Ismail
Other Authors: Saodah Wok
Format: Book
Published: Bentong : PTS Publications & Distributor , 2003
Subjects:

MARC

LEADER 00000cam a2200000 7i4500
001 0000015331
005 20050803.0
020 |a 9831921208 
040 |a INS 
090 0 0 |a HD30.3 N229 2003 
100 1 |a Narimah Ismail 
245 0 0 |a Komunikasi organisasi   |c Narimah Ismail 
260 |a Bentong :   |b PTS Publications & Distributor ,   |c 2003 
300 |b 235p. ;   |c 21cm. 
650 0 0 |a Communication 
650 0 0 |a Communication in organizations 
650 0 0 |a Organizational Behaviour 
700 0 |a Saodah Wok 
999 |a 0000015075   |b BOOK   |c Open Shelf   |e Default branch